| 000 | 01839cam a22003613a 4500 | ||
|---|---|---|---|
| 001 | 13689257 | ||
| 003 | OSt | ||
| 005 | 20140310182252.0 | ||
| 008 | 040316s2004 nyu j 000 f eng d | ||
| 010 | _a 2004596258 | ||
| 020 | _a0439424704 (pbk.) | ||
| 035 | _a(OCoLC)ocm54712395 | ||
| 040 |
_aEB$ _cEB$ _dOCLCQ _dDLC |
||
| 042 | _alccopycat | ||
| 050 |
_aPZ 7 _b.G855 2003 |
||
| 082 |
_aFIC _bG87z 2003 |
||
| 100 | 1 |
_aGriffiths, Andy, _d1961- _920111 |
|
| 245 | 1 | 0 |
_aZombie butts from Uranus! / _cAndy Griffiths. |
| 260 |
_aNew York : _bScholastic, _c2004. |
||
| 300 |
_a274 p. ; _c20 cm. |
||
| 500 | _a"Sequel to 'The day my butt went psycho!'"--Cover. | ||
| 520 | _aIn the deepest, darkest corner of the solar system lies an enemy more terrifying than the people of Earth could imagine. Vicious warriors who will let nothing stand in the way of their crusade for galactic domination. They're cunning. They're ruthless. They're zombie butts from Uranus! Earth has only one hope for salvation. Zack, a twelve-year-old who wants nothing more than to wash his hands of the whole butt-fighting business. But Zack cannot shirk his duty--and he cannot escape his destiny. Joined by an assortment of butt-fighters, and his own brave butt, Zack will do what he must to rid the earth of these stinky space invaders. | ||
| 650 | 0 |
_aButtocks _vJuvenile fiction. _920112 |
|
| 655 | 7 |
_aChildren's stories. _2lcsh _93012 |
|
| 655 | 7 |
_aScience fiction. _2gsafd _91889 |
|
| 655 | 7 |
_aHumorous fiction. _2gsafd _96350 |
|
| 710 | 2 |
_aCopyright Paperback Collection (Library of Congress) _5DLC _9705 |
|
| 856 | 4 | 2 |
_3Publisher description _uhttp://www.loc.gov/catdir/description/schol051/2004596258.html |
| 906 |
_a7 _bcbc _ccopycat _d2 _encip _f20 _gy-genrareb |
||
| 942 |
_2lcc _cBK-FIC |
||
| 999 |
_c11391 _d11391 |
||